000 00637nam a2200181Ia 4500
003 GCL
008 140319s9999 xx 000 0 ara d
040 _aGCL /
_cGCL
082 0 4 _a214.270962
_bم ا
100 1 _aمحمد عمارة
245 1 0 _aاكذوبة الاضطهاد الدينى في مصر /
_cمحمد عمارة
260 _aالقاهرة :
_bالمجلس الاعلى الشئون الاسلامية ،
_c2000
300 _aمتعدد ؛
_c17 سم
490 _aقضايا اسلامية
_v60
650 0 4 _aالاسلام والمسيحية
650 0 4 _aالاسلام والمسيحية - مصر
942 _2ddc
_cBK
999 _c2835
_d2835